000 00594nam a2200217Ia 4500
005 20240215092135.0
008 131103s9999 xx 000 0 und d
020 _a003059011 6
040 _aLoreto College
041 _aEnglish
082 _a370.951
_bHAW
100 _aHawkins,John N.
245 _aEducation and Social Change in the People's Republic of China,
_cJohn N.Hawkins
260 _aNew York
_bPraeger
_c1983
300 _axv,237 p.
_b ill.,fig.
504 _aIncludes bibliography and index
650 _aEducation
651 _aChina
850 _aLCLIB
942 _cBK
999 _c3930
_d54409